000 00825nam a22002537a 4500
003 OSt
005 20260226104821.0
008 260226b |||||||| |||| 00| 0 eng d
020 _a978-81-8220-976-3
037 _cTextbook
040 _aFEDL
_beng
_cFEDL
041 _aeng
_heng
082 _a363.7 CHA/R
100 _aChaudhary, M. A.
_91116703
245 _aEnvironmental education and training:
_bTrend, tradition and transformation/
_cM. A. Chaudhary; S. M. Tripathi
260 _aNew Delhi
_bGlobal Vision Publishing House
_cIndia
300 _ax, 301p.
365 _aINR
_b2500.00
650 _aENVIRONMENT
_91116704
650 _aENVIRONMENT- EDUCATION
_91116705
700 _aTripathi, S. M.
_91116706
942 _2ddc
_cTB
_h363.7 CHA/R
_n0
999 _c1680259
_d1680259